00833nam a2200241Ia 4500003000900000008004100009040001300050040001300063041000800076100001600084100000900100245004400109250001100153260000800164260000900172300001000181490000800191490001000199600016000209942000700369999001700376952019800393IT-RoPAU120407s9999 xx 000 0 und d aIT-RoPAU cIT-RoPAU aita aProfessores cs.j. aPhilosophiae scholasticae summa. 3voll. aMadrid aBAC c1959 c20 cm aBAC v98137 a"1. Introductio in philosophiam. Logica.Critica. Metaphisica generale. 2. Philosophia naturalis, seu cosmologica et psichologia philosophica. 3 manca " cBK c21158d21158 00102ddc406208_90000000000000071aPAULUSbPAULUSd2012-04-11l0o208.9r2012-04-11 00:00:00w2012-04-11yBKzInserito da: Mario In data: 19 settembre 2011 fondo: Via A.Severo 56 Progr:29055